Stabilization and Structural Reform in the Czech and Slovak Federal Republic: First Stage (Record no. 5997)

MARC details
000 -LEADER
fixed length control field 00772nam a22002417u 4500
001 - CONTROL NUMBER
control field 6429
003 - CONTROL NUMBER IDENTIFIER
control field OSt
005 - DATE AND TIME OF LATEST TRANSACTION
control field 20170818153059.0
007 - PHYSICAL DESCRIPTION FIXED FIELD--GENERAL INFORMATION
fixed length control field tu
008 - FIXED-LENGTH DATA ELEMENTS--GENERAL INFORMATION
fixed length control field 161220s1992 xxu||||| |||| 00| 0 d
024 7# - OTHER STANDARD IDENTIFIER
Standard number or code 6429
Source of number or code RID
024 7# - OTHER STANDARD IDENTIFIER
Standard number or code 6429
Source of number or code RSN (alt)
040 ## - CATALOGING SOURCE
Transcribing agency OSt
100 1# - MAIN ENTRY--PERSONAL NAME
Personal name Aghevli, Bijan B.
245 00 - TITLE STATEMENT
Title Stabilization and Structural Reform in the Czech and Slovak Federal Republic: First Stage
260 ## - PUBLICATION, DISTRIBUTION, ETC.
Place of publication, distribution, etc. Washington, D.C. :
Name of publisher, distributor, etc. International Monetary Fund,
Date of publication, distribution, etc. 1992.
490 ## - SERIES STATEMENT
Series statement IMF Occasional Paper
Volume/sequential designation 92
International Standard Serial Number 0251-6365
700 1# - ADDED ENTRY--PERSONAL NAME
Personal name Borensztein, Eduardo
700 1# - ADDED ENTRY--PERSONAL NAME
Personal name Willingen, Tessa van der
710 2# - ADDED ENTRY--CORPORATE NAME
Corporate name or jurisdiction name as entry element International Monetary Fund (IMF)
942 ## - ADDED ENTRY ELEMENTS (KOHA)
Koha item type Paper
Holdings
Withdrawn status Lost status Damaged status Not for loan Home library Current library Shelving location Date acquired Inventory number Total Checkouts Barcode Date last seen Price effective from Koha item type
        WIIW WIIW Library 08/04/2004 6429   10001926 01/26/2017 01/26/2017 Paper
The Vienna Instiute for International Economic Studies (wiiw)